| 000 | 00589cam a2200193 a 4500 | ||
|---|---|---|---|
| 020 | _a0070710821 (acidfree paper) | ||
| 040 | _cDLC | ||
| 082 | 0 | 0 | _a302 MCG 1996 A067 Or. |
| 100 | 1 | _aWilson, Gerald L., | |
| 245 | 1 | 0 |
_aGroups in context : _bleadership and participation in small groups / |
| 250 | _a4th ed. | ||
| 260 |
_aNew York : _bMcGraw-Hill, _cc1996. |
||
| 300 |
_axxv, 387 p. : _bill. ; _c24 cm. |
||
| 650 | 0 | _aSmall groups. | |
| 650 | 0 | _aGroup decision-making. | |
| 650 | 0 | _aLeadership. | |
| 856 | 4 | 2 | _uhttp://www.loc.gov/catdir/enhancements/fy0602/95022218-d.html |
| 942 | _cEK | ||
| 999 |
_c14337 _d14337 |
||